Metodika oboznamovania detí s prírodou na materskej škole : učebný text pre pedagogické školy pre vzdelanie učiteliek materských škôl /

Hlavní autor: Strumhaus, Oldřich, 1905-1964
Jazyk: Slovenština
Vydáno: Bratislava : Slovenské pedagogické nakladateľstvo, 1955
Vydání: 1. vyd.
Fyzický popis: 172 s.
Knihy
Uloženo v:
LEADER 00956nam a2200241 a 4500
001 000624152
003 CZ BrMZK
005 20150625080500.0
007 ta
008 020920s1955 xo f slo d
040 |a BOA001  |b cze  |c BOA001 
041 1 |a slo  |h cze 
100 1 |a Strumhaus, Oldřich,  |d 1905-1964  |7 jk01121508  |4 aut 
245 1 0 |a Metodika oboznamovania detí s prírodou na materskej škole :  |b učebný text pre pedagogické školy pre vzdelanie učiteliek materských škôl /  |c Oldřich Strumhaus a jiní 
250 |a 1. vyd. 
260 |a Bratislava :  |b Slovenské pedagogické nakladateľstvo,  |c 1955 
300 |a 172 s. 
500 |a Přeloženo z češtiny 
504 |a Obsahuje bibliografii 
910 |a BOA001  |b 2-0347.939 
990 |a BK 
996 7 |b 2618972576  |c 2-0347.939  |l MZK  |r Sklad / do 24 hodin  |n 0  |w 000624152  |u 000020  |a 1  |e BOA001  |j MZK50  |s A 
996 7 |b 2618972577  |c 2-0347.939  |l MZK  |r Sklad / do 24 hodin  |n 0  |w 000624152  |u 000010  |a 1  |e BOA001  |j MZK50  |s A